| 000 | 01407cam a2200349 a 4500 | ||
|---|---|---|---|
| 001 | 14055139 | ||
| 003 | OSt | ||
| 005 | 20260217172811.0 | ||
| 008 | 050728r20051980nyua b 001 0 eng | ||
| 010 | _a 2005053026 | ||
| 020 |
_a9780486445687 _q(pbk.) |
||
| 035 | _a14055139 | ||
| 040 |
_aDLC _cDLC _dDLC |
||
| 082 | 0 | 0 |
_a530.143 _2ITZ |
| 100 | 1 |
_aItzykson, Claude. _93678 |
|
| 245 | 1 | 0 |
_aQuantum field theory / _cClaude Itzykson, Jean-Bernard Zuber. |
| 260 |
_aN.Y. : _bDover Publications, _c2005. |
||
| 300 |
_axxxiv, 705 p. : _bill. ; _c24 cm. |
||
| 336 |
_atext _btxt _2rdacontent |
||
| 337 |
_aunmediated _bn _2rdamedia |
||
| 338 |
_avolume _bnc _2rdacarrier |
||
| 440 | 0 |
_aDover books on physics _93679 |
|
| 500 | _aOriginally published: New York : McGraw-Hill, 1980, in series: International series in pure and applied physics. With new pref. and list of errata. | ||
| 504 | _aIncludes bibliographical references and index. | ||
| 650 | 0 |
_aQuantum field theory. _91860 |
|
| 700 | 1 |
_aZuber, Jean Bernard. _93680 |
|
| 856 | 4 | 2 |
_3Publisher description _uhttp://www.loc.gov/catdir/enhancements/fy0625/2005053026-d.html |
| 906 |
_a7 _bcbc _corignew _d1 _eocip _f20 _gy-gencatlg |
||
| 942 |
_2ddc _cBK |
||
| 999 |
_c1873 _d1873 |
||